Statistics for Nation's Intelligence Agencies

Click here to take the quiz!

General Stats

  • This quiz has been taken 65 times
  • The average score is 6 of 16

Answer Stats

CountriesNames% Correct
USACIA
97%
USSRKGB
93%
BelarusKGB-RB
93%
United KingdomSIS/MI6
92%
IsraelMossad
77%
East GermanyStasi
57%
AustraliaASIS
32%
ChinaMSS
25%
FranceDGSE
23%
GermanyBND
20%
RussiaSVR
12%
South KoreaNIS
7%
ItalyAISE
5%
BelgiumVSSE
3%
NetherlandsAIVD
2%
North KoreaMinistry of State Security
2%

Score Distribution

Percentile by Number Answered

Percent of People with Each Score

Your Score History

You have not taken this quiz